Shakespeare`s Merchant Of Venice (Record no. 36735)

MARC details
000 -LEADER
fixed length control field 00426nam a2200145Ia 4500
008 - FIXED-LENGTH DATA ELEMENTS--GENERAL INFORMATION
fixed length control field 211109s9999||||xx |||||||||||||| ||und||
082 ## - DEWEY DECIMAL CLASSIFICATION NUMBER
Classification number 822.33
Item number WIL-S
100 ## - MAIN ENTRY--PERSONAL NAME
Personal name William, Shakespeare
245 #0 - TITLE STATEMENT
Title Shakespeare`s Merchant Of Venice
260 ## - PUBLICATION, DISTRIBUTION, ETC.
Name of publisher, distributor, etc. Coles Publishing
Place of publication, distribution, etc. Delhi
Date of publication, distribution, etc. 1972
300 ## - PHYSICAL DESCRIPTION
Extent 69p.
630 ## - SUBJECT ADDED ENTRY--UNIFORM TITLE
General subdivision POST GRADUATE REFERENCE
650 ## - SUBJECT ADDED ENTRY--TOPICAL TERM
Topical term or geographic name entry element LITERATURE
942 ## - ADDED ENTRY ELEMENTS (KOHA)
Koha item type BOOK
650 ## - SUBJECT ADDED ENTRY--TOPICAL TERM
Form subdivision ENGLISH LITERATUREENGLISH DRAMADRAMA
General subdivision English
Holdings
Withdrawn status Lost status Damaged status Not for loan Home library Current library Date acquired Cost, normal purchase price Total Checkouts Full call number Barcode Shelving location Date last seen Price effective from Koha item type
        SB LIBRARY SB LIBRARY 09/11/2021 100.00   822.33 WIL-S 00038119 POST GRADUATE REFERENCE 09/11/2021 09/11/2021 BOOK

Powered by Koha